000 00544nam a2200217Ia 4500
003 OSt
005 20220928140422.0
006 a|||||r|||| 00| 0
007 ta
008 220927b |||||||| |||| 00| 0 eng d
024 _a8315
037 _cTextual
040 _aSDCL
_cSDCL
_beng
041 _2eng
_aeng
082 _aO-,2N15,2, K1
100 _aMiller Arthur
_9393892
245 0 _aView from the bridge, All my sons.
260 _c1961
942 _hO-,2N15,2, K1
_cTEXL
_2CC
999 _c811257
_d811257